Normal view
MARC view
- dynamical system
Entry Topical Term
001 - CONTROL NUMBER
- control field: 103215
003 - CONTROL NUMBER IDENTIFIER
- control field: NUST
005 - DATE AND TIME OF LATEST TRANSACTION
- control field: 20221121084033.0
008 - FIXED-LENGTH DATA ELEMENTS
- fixed length control field: 221121|| aca||aabn | a|a d
040 ## - CATALOGING SOURCE
- Original cataloging agency: NUST
- Transcribing agency: NUST
150 ## - HEADING--TOPICAL TERM
- Topical term or geographic name entry element: dynamical system
670 ## - SOURCE DATA FOUND
- Source citation: Work cat.: (NUST)176989: Bahuguna.D 103214, Differential equations and dynamical systems / , 2005
